| 000 | 00589nam a2200121Ia 4500 | ||
|---|---|---|---|
| 008 | 220620s9999||||xx |||||||||||||| ||und|| | ||
| 100 | _aAigrain, Philippe | ||
| 245 | 0 |
_aSharing _bCulture and the Economy in the Internet Age |
|
| 546 | _aEnglish[eng] | ||
| 650 | _awetenschap algemeen||popular science||Copyright||File sharing||France||Internet||Zipf's law | ||
| 856 | _uhttps://library.oapen.org/bitstream/20.500.12657/34556/1/409602.pdf||https://library.oapen.org/bitstream/20.500.12657/34556/1/409602.pdf||https://library.oapen.org/bitstream/20.500.12657/34556/1/409602.pdf | ||
| 942 | _cEB | ||
| 999 |
_c30525 _d30525 |
||